Reduccion de la mortalidad materna (Registro nro. 1491)
[ vista simple ]
| 000 -LEADER | |
|---|---|
| fixed length control field | 00767nam a2200253 a 4500 |
| 003 - CONTROL NUMBER IDENTIFIER | |
| control field | OSt |
| 005 - FECHA ULTIMA MODIFICACION | |
| control field | 20130612180917.0 |
| 008 - FIXED-LENGTH DATA ELEMENTS--GENERAL INFORMATION | |
| fixed length control field | 130612s1999 sz ||||| |||| 00| 0 spa d |
| 020 ## - INTERNATIONAL STANDARD BOOK NUMBER | |
| International Standard Book Number | 92 4 356195 2 |
| 040 ## - CATALOGING SOURCE | |
| Transcribing agency | Biblioteca Medicina |
| 041 ## - LANGUAGE CODE | |
| Language code of text/sound track or separate title | spa |
| 082 ## - DEWEY DECIMAL CLASSIFICATION NUMBER | |
| Classification number | OMS HB 1322.5 |
| 110 ## - MAIN ENTRY--CORPORATE NAME | |
| Corporate name or jurisdiction name as entry element | Organizacion Mundial de la Salud |
| 9 (RLIN) | 1006 |
| 245 ## - TITLE STATEMENT | |
| Title | Reduccion de la mortalidad materna |
| 250 ## - EDITION STATEMENT | |
| Edition statement | 1° ed. |
| 260 ## - PUBLICATION, DISTRIBUTION, ETC. (IMPRINT) | |
| Place of publication, distribution, etc | Ginebra |
| Name of publisher, distributor, etc | Organizacion Mundial de la Salud |
| Date of publication, distribution, etc | 1999 |
| 300 ## - PHYSICAL DESCRIPTION | |
| Extent | 43 p. |
| 653 ## - INDEX TERM--UNCONTROLLED | |
| Uncontrolled term | MORTALIDAD MATERNA |
| 710 ## - ADDED ENTRY--CORPORATE NAME | |
| Corporate name or jurisdiction name as entry element | FNUAP |
| 9 (RLIN) | 2426 |
| 710 ## - ADDED ENTRY--CORPORATE NAME | |
| Corporate name or jurisdiction name as entry element | UNICEF |
| 9 (RLIN) | 2427 |
| 710 ## - ADDED ENTRY--CORPORATE NAME | |
| Corporate name or jurisdiction name as entry element | Banco Mundial |
| 9 (RLIN) | 2428 |
| 942 ## - ADDED ENTRY ELEMENTS (KOHA) | |
| Source of classification or shelving scheme | Dewey Decimal Classification |
| Koha item type | Hemeroteca |
| Withdrawn status | Lost status | Fuente de clasificación | Damaged status | Not for loan | Colección | Ubicación permanente | Ubicación actual | Sala de ubicación | Fecha de adquisición | Total Checkouts | Número de clasificación | Código de barras | Date last seen | Número de ejemplar | Price effective from | Koha tipo de elemento (item) |
|---|---|---|---|---|---|---|---|---|---|---|---|---|---|---|---|---|
| Dewey Decimal Classification | Non-fiction | Biblioteca Medicina | Biblioteca Medicina | Circulación | 12/06/2013 | OMS HB 1322.5 | H0020 | 06/11/2014 | Ej. 1 | 12/06/2013 | Hemeroteca |